00431nam a22001457a 4500003000400000008004100004020001800045082001400063100007800077245003900155250000800194260005800202300000800260650001700268OSt210205b ||||| |||| 00| 0 eng d a9789388178938 a615.1 PAE aPatil,Asmita Gajbhiye, Patil,Shailendra, Mishra, Shweta and Das Debashree aIn Vitro Experimental Pharmacology a1st aNew DelhibCBS Publishers and distributors pvt c2019 a188 aPharmacology